000
00241nam a2200097Ia 4500
008
190216s9999||||xx |||||||||||||| ||und||
100
_a
Karel Garrisan
245
0
_a
Educationalphsycology
260
_b
Vakils Feffer & Simons Pvt.
942
_c
BK
999
_c
19552
_d
19552